000 00862nmm a2200277 a 4500
001 ocm000655912
003 TR-IsHL
005 20201028142432.0
008 140104s1994 tu tur
007 cr cn
020 _a9789755200774
035 _a655912
_b(N$T)
050 0 4 _aPT2611.R81
_bZ5 1994
090 0 4 _aPT2611.R81
_bZ5 1994
100 1 _aFrisch, Max
245 1 0 _aMontauk
_h[electronic resource] /
_cMax Frisch ; çev. Gürsel Aytaç
260 _aAnkara :
_bGündogan Yayınları,
_c1994
300 _a144 p.
650 4 _aDil ve Edebiyat
650 4 _aLanguage and Literature
650 0 _aAlman romanı
650 0 _aGerman fiction
650 7 _aLITERARY COLLECTIONS / European / German
_2bisacsh
700 1 _aAytaç, Gürsel
856 4 0 _uhttp://search.ebscohost.com/login.aspx?direct=true&scope=site&db=e011xww&AN=655912
999 _c8350
_d8350